| 000 | 00734nam a2200217 i 4500 | ||
|---|---|---|---|
| 001 | 15016 | ||
| 003 | ES-MaACL | ||
| 005 | 20231222205014.0 | ||
| 007 | t| | ||
| 008 | 991129s1996 sp ||||1| spa d | ||
| 020 | _a84-226-6047-4 | ||
| 080 | _a087.5:82 | ||
| 100 | 1 |
_aMacDonald, George ( _d1824-1905) _975110 |
|
| 245 | 1 | 3 |
_aLa princesa y los trasgos / _cGeorge MacDonald ; estudio preliminar y traducción de Carmen Martín Gaite ; ilustraciones de Arthur Hughes. |
| 260 |
_aBarcelona : _bCírculo de Lectores, _c[1996] |
||
| 300 |
_a290 p. ; _c22 cm. |
||
| 700 | 1 |
_aMartín Gaite, Carmen, _d1925-2000 _977496 |
|
| 700 | 1 |
_aHughes, Arthur. _964605 |
|
| 852 |
_aES-MaACL _jL-22174 _bR.127487 |
||
| 999 |
_c15016 _d15016 |
||